| 000 | 00360nam a2200109Ia 4500 | ||
|---|---|---|---|
| 008 | 180315s9999 xx 000 0 und d | ||
| 020 | _a9780071809498 | ||
| 100 | _aWalter, Ekaterina | ||
| 245 |
_aThink like Zuck : _bThe five business secrets of Facebook's improbably brilliant CEO Mark Zuckerberg |
||
| 260 |
_aUSA : _b2013 _cmcGrawHill |
||
| 300 | _aix, 197 pages | ||
| 999 |
_c356301 _d356301 |
||